=LDR 00000nam 2200000 4500 =001 001193 =005 20250710011629 =035 ##$$a 0010-0725000142 =007 ta =008 250710################a##########0#ind## =082 ##$$a 398.209 598 =245 1#$$a Apa Makanan Mereka? /$c All Children Reading Cambodia =250 ##$$a pertama =260 ##$$a Jakarta Timur :$b Badan Pengembangan dan Pembinaan Bahasa,$c 2022 =300 ##$$a 18hlm. : $b ilus. ; $c 21,5cm =650 #4$$a cerita anak indonesia terjemahan, literasi bahan bacaan =700 #$$a Chhoun Sambath =110 ##$$a All Children Reading Cambodia =856 ##$$a TBM AS-SYUHADA